000 00517nam a2200205Ia 4500
003 OSt
005 20220606143104.0
008 210210b2004 xxu||||| |||| 00| 0 eng d
020 _a81207 2654 5
040 _cAL
041 _aeng
082 _a342.54 JOHC
100 _aJOHARI (J C).
_940626
245 _aConstitution of India: a politico-legal study
260 _aND
_bSterling Publishers (P) Ltd
_c2004
300 _axvi,582
690 _aIndian Constitution
_940627
906 _a059551
942 _2ddc
_cBK
999 _c106633
_d106633